Tea (Record no. 27205)

MARC details
000 -LEADER
fixed length control field 00322nam a2200145Ia 4500
082 ## - DEWEY DECIMAL CLASSIFICATION NUMBER
Classification number 633.72
Item number EDE
100 ## - MAIN ENTRY--AUTHOR NAME
Personal name EDEN, T
245 #0 - TITLE STATEMENT
Title Tea
250 ## - EDITION STATEMENT
Edition statement Ed.3
260 ## - PUBLICATION, DISTRIBUTION, ETC. (IMPRINT)
Place of publication London
Name of publisher Longman
Year of publication 1965
490 ## - SERIES STATEMENT
Series statement Tropical agriculture series
650 ## - SUBJECT ADDED ENTRY--TOPICAL TERM
Topical Term Tea
942 ## - ADDED ENTRY ELEMENTS (KOHA)
Koha item type Books
Holdings
Withdrawn status Lost status Damaged status Not for loan Home library Current library Date acquired Full call number Accession Number Koha item type
        RRII Library RRII Library 16/12/2021 633.72 EDE 07832 Books